| 000 | 00520cam a22002051 4500 | ||
|---|---|---|---|
| 001 | sa 64005852 | ||
| 003 | DLC | ||
| 005 | 20260227112035.0 | ||
| 008 | 890628s1962 ii ach 000 0 beno | ||
| 010 | _asa 64005852 | ||
| 035 | _a(OCoLC)19945639 | ||
| 040 |
_aDLC _cWaU _dDLC |
||
| 042 | _apremarc | ||
| 050 | 0 | 0 |
_aPK1718.T24 _bP3 |
| 100 | 1 |
_aTagore, Rabindranath, _d1861-1941. |
|
| 245 | 1 | 0 | _aPallīprakr̥ti. |
| 260 | _c[1962] | ||
| 300 |
_a 3 , 292 p. _billus., facsims., ports. _c19 cm. |
||
| 500 | _aIn Bengali. | ||
| 999 |
_c59364 _d59364 |
||